| 000 | 01314cam a2200349M 4500 | ||
|---|---|---|---|
| 001 | 90440 | ||
| 005 | 20230410124132.0 | ||
| 008 | 080604r20081884sp 000 0 spa d | ||
| 035 | _a(OCoLC)ocn433867588 | ||
| 040 |
_aBNM _erdc _bspa _cBNM |
||
| 015 | _aMON0810 | ||
| 017 | _aSE 894-2008 | ||
| 020 | _a9788498621488 | ||
| 020 | _a8498621488 | ||
| 035 | _a(OCoLC)433867588 | ||
| 049 | _aGRAL | ||
| 050 | 1 | 4 |
_aNA 1311 _bG393g 2008 |
| 082 | 0 | 0 | _a946.8 |
| 100 | 1 |
_aGestoso y Pérez, José, _d1852-1917. |
|
| 245 | 1 | 0 |
_aGuía artistica de Sevilla _b: historia y descripción de sus principales monumentos religiosos y civiles y noticia de las preciosidades artítico-arqueológicas que en ellos se conservan de arquitectura, escultura, pintura, grabado, orfebrería, cerámica, etc., etc. / _cpor José Gestoso y Pérez. |
| 260 |
_aMairena de Aljarafe, Sevilla: _bExtramuros, _c[2008] |
||
| 300 |
_a187 p. _c22 cm. |
||
| 490 | 1 | _aAndalucia. Serie Monumentos historicos andaluces | |
| 534 |
_pReproduccion de la edicion de _b1a. ed. _cSevilla : El Orden, 1884. |
||
| 650 | 4 |
_aArte _zSevilla. |
|
| 650 | 4 | _aMonumentos históricos. | |
| 650 | 4 |
_aMonumentos _zSevilla (España). |
|
| 830 | 0 |
_aAndalucia. _pSerie Monumentos historicos andaluces. |
|
| 942 |
_2lcc _cbk |
||
| 994 |
_aC0 _bDRFGD |
||
| 946 | _anc | ||
| 999 |
_c71695 _d71695 |
||